000 00439nam a2200145 i 4500
001 27783
003 ES-MaACL
007 t|
008 030115s1894 fr ||||1| fre d
100 1 _aBabelon, Ernest.
_924412
245 1 3 _aLa gravure en pierres fines
_b: Camées et intailles /
_cpar Ernest Babelon.
260 _aParís :
_b[s.n.,
_c1894] (
_fLibrairies-Imprimeries Reunies)
300 _a320 p. ;
_c21 cm.
852 _aES-MaACL
_jB-2557
999 _c27783
_d27783